Greek Islands with Clues - Statistics

General Stats
  • This quiz has been taken 64 times
  • The average score is 5 of 7
Answer Stats
Hint Answer % Correct
Heraklion, Chania, Knossos, Zeus Crete
95%
One of the 7 wonders was here, near Turkey Rhodes
88%
Kavos, near Albanian border Corfu
69%
Oia, picturesque, small Santorini
66%
Party island, small Mykonos
61%
2nd largest island, near mainland Greece Euboea
53%
West coast of Greece, pretty beaches Zakynthos
49%
No matching quizzes found
Score Distribution
Percent of People with Each Score
Percentile by Number Answered
Your Score History
You have not taken this quiz